000 01016nam a22002057a 4500
999 _c57022
_d57022
003 Ge_BSU
005 20210504183428.0
008 191017s2017 ge ||||| |||| 00| 0 geo d
020 _a1512-1879
041 _ageo
080 _a27+902 ქ-73
245 _aქრისტიანულ - არქეოლოგიური ძიებანი IX = Studies in Christian Archeology /
_cმთ. რედ : ექვთიმე კოჭლამაზაშვილი.
264 _aთბილისი,
_c2017.
300 _a734 გვ .:
_bილ ;
_c22 სმ.
653 _aქრისტიანობა
653 _aარქეოლოგია
700 _aკოჭლამაზაშვილი, ექვთიმე
_eმთავარი რედაქტორი
_94799
710 _eკ.კეკელიძის სახელობის საქართველოს ხელნაწერთა ეროვნული ცენტრი
_94800
942 _2udc
_cBK